header

The rake's progress (Record no. 81167)

MARC details
000 -LEADER
fixed length control field 01507nam a2200301Ia 4500
100 1# - MAIN ENTRY--AUTHOR NAME
Personal name Fisher, Burton D.
245 14 - TITLE STATEMENT
Title The rake's progress
260 ## - PUBLICATION, DISTRIBUTION, ETC. (IMPRINT)
Place of publication [Boca Raton, Fla.] :
Name of publisher Opera Journeys Publishing,
Year of publication [2010]
300 ## - PHYSICAL DESCRIPTION
Number of Pages 22 p. :
Other physical details music.
490 0# - SERIES STATEMENT
Series statement Opera journeys mini guide series
500 ## - GENERAL NOTE
General note "An opera in English in three acts (nine scenes and an epilogue); Music by Igor Stravinsky; Libretto: a fable by W. H. Auden and Chester Kallman after a series of engravings by William Hogarth (1732-33); Premiere: Teatro La Fenice, Venice, September 1951".
650 #0 - SUBJECT ADDED ENTRY--TOPICAL TERM
Topical Term Operas
856 40 - ELECTRONIC LOCATION AND ACCESS
Uniform Resource Identifier http://site.ebrary.com/lib/rucke/Doc?id=10404093

No items available.

© 2026 Rongo University
Contact us: librarian | system librarian | Rongo university